书目信息 |
| 题名: |
远离艾滋病
|
|
| 作者: | 张松 , 张仁平 主编 | |
| 分册: | ||
| 出版信息: | 北京 人民交通出版社 2006.06 |
|
| 页数: | 128页 | |
| 开本: | 19cm | |
| 丛书名: | 中国海员健康与健身丛书 | |
| 单 册: | ||
| 中图分类: | R512.91 | |
| 科图分类: | ||
| 主题词: | 获得性免疫缺陷综合征--huo de xing mian yi que xian zong he zheng--预防 | |
| 电子资源: | ||
| ISBN: | 7-114-05968-X | |
| 000 | 01018nam 2200265 450 | |
| 001 | 012007989625 | |
| 005 | 20071008161010.53 | |
| 010 | @a7-114-05968-X@dCNY8.00 | |
| 100 | @a20070727d2006 km y0chiy0120 ea | |
| 101 | 0 | @achi |
| 102 | @aCN@b110000 | |
| 105 | @aa z 000yy | |
| 200 | 1 | @a远离艾滋病@Ayuan li ai zi bing@e预防知识100问@f张松, 张仁平主编@Fzhang song,zhang ren ping zhu bian |
| 210 | @a北京@c人民交通出版社@d2006.06 | |
| 215 | @a128页@c图@d19cm | |
| 225 | 2 | @a中国海员健康与健身丛书@Azhong guo hai yuan jian kang yu jian shen cong shu |
| 330 | @a本书介绍了艾滋病的发现与起源之谜、中国艾滋病流行形势、艾滋病的临床表现与传播途径、艾滋病的治疗与预防等知识。 | |
| 410 | 0 | @12001 @a中国海员健康与健身丛书 |
| 517 | 1 | @a预防知识100问@Ayu fang zhi shi 100 wen |
| 606 | 0 | @a获得性免疫缺陷综合征@Ahuo de xing mian yi que xian zong he zheng@x预防 |
| 690 | @aR512.91@v4 | |
| 701 | 0 | @a张松@Azhang song@4主编 |
| 701 | 0 | @a张仁平@Azhang ren ping@4主编 |
| 801 | 0 | @aCN@c20071008 |
| 905 | @dR512.91@eZ172 | |
| 远离艾滋病:预防知识100问/张松, 张仁平主编.-北京:人民交通出版社,2006.06 |
| 128页:图;19cm.-(中国海员健康与健身丛书) |
| ISBN 7-114-05968-X:CNY8.00 |
| 本书介绍了艾滋病的发现与起源之谜、中国艾滋病流行形势、艾滋病的临床表现与传播途径、艾滋病的治疗与预防等知识。 |
| ● |
| 相关链接 |
|
|
|
正题名:远离艾滋病
索取号:R512.91/Z172
 
预约/预借
| 序号 | 登录号 | 条形码 | 馆藏地/架位号 | 状态 | 备注 |
| 1 | 250805 | 202508054 | 自科库401/401自科库 18排1列5层/ [索取号:R512.91/Z172] | 在馆 | |
| 2 | 250806 | 202508063 | 自科库401/401自科库 18排1列5层/ [索取号:R512.91/Z172] | 在馆 | |
| 3 | 250807 | 202508072 | 自科库401/401自科库 18排1列5层/ [索取号:R512.91/Z172] | 在馆 |